Las notificaciones de la Dirección General de Impuestos Internos, su procedimiento y efectos jurídicos que causan sus irregularidades en los contribuyentes del Municipio de San Salvador, periodo comprendido de 22 de Julio al 23 de Noviembre de 2007. (Registro nro. 10213)

Detalles MARC
000 -LEADER
fixed length control field 00888nam a2200205Ia 4500
005 - FECHA Y HORA DE LA ÚLTIMA TRANSACCIÓN
control field 20231218083636.0
008 - FIXED-LENGTH DATA ELEMENTS--GENERAL INFORMATION
fixed length control field 231216s9999 xx 000 0 und d
040 ## - CATALOGING SOURCE
Original cataloging agency UPAN
Transcribing agency Biblioteca San Vicente
Description conventions RCAA2
041 ## - LANGUAGE CODE
Language code of text/sound track or separate title spa
082 ## - DEWEY DECIMAL CLASSIFICATION NUMBER
Classification number 336.271
Item number Vel
año de publicación 2008
100 ## - MAIN ENTRY--PERSONAL NAME
Personal name Velasquez ,Floridalma
Relator code aut.
245 #0 - TITLE STATEMENT
Title Las notificaciones de la Dirección General de Impuestos Internos, su procedimiento y efectos jurídicos que causan sus irregularidades en los contribuyentes del Municipio de San Salvador, periodo comprendido de 22 de Julio al 23 de Noviembre de 2007.
260 ## - PUBLICATION, DISTRIBUTION, ETC. (IMPRINT)
Place of publication, distribution, etc San Salvador:
Name of publisher, distributor, etc Universidad Panamericana,
Date of publication, distribution, etc 2007
300 ## - PHYSICAL DESCRIPTION
Extent 185 p.;
Dimensions 28 cm.
650 ## - SUBJECT ADDED ENTRY--TOPICAL TERM
Source of heading or term LEMB
Topical term or geographic name as entry element Impuestos
700 ## - ADDED ENTRY--PERSONAL NAME
Personal name Ayala Menjivar, Manuel Antonio
Relator code aut.
700 ## - ADDED ENTRY--PERSONAL NAME
Personal name Torres de Vasquez, Olga del Carmen
Relator code aut.
700 ## - ADDED ENTRY--PERSONAL NAME
Personal name Quintanilla de Figueroa, Teodora del Carmen
Relator code aut.
942 ## - ADDED ENTRY ELEMENTS (KOHA)
Koha item type Libros
Source of classification or shelving scheme Dewey Decimal Classification
Existencias
Withdrawn status Lost status Source of classification or shelving scheme Damaged status Not for loan Collection code Home library Current library Date acquired Total Checkouts Full call number Barcode Date last seen Copy number Price effective from Koha item type
    Dewey Decimal Classification     Tesario Biblioteca UPAN San Vicente Biblioteca UPAN San Vicente 17/12/2023   336.271 Vel 12100734 17/12/2023 01 17/12/2023 Trabajos de Grado